Fiesta para 10 / (Record no. 21233)

MARC details
000 -LEADER
fixed length control field 02240cam a2200469Ii 4500
001 - CONTROL NUMBER
control field 914168916
003 - CONTROL NUMBER IDENTIFIER
control field OCoLC
005 - DATE AND TIME OF LATEST TRANSACTION
control field 20180824183732.0
008 - FIXED-LENGTH DATA ELEMENTS--GENERAL INFORMATION
fixed length control field 150720s1997 nyua j 000 1 spa d
020 ## - INTERNATIONAL STANDARD BOOK NUMBER
International Standard Book Number 9780590484701
Qualifying information (paperback)
020 ## - INTERNATIONAL STANDARD BOOK NUMBER
International Standard Book Number 0590484702
Qualifying information (paperback)
035 ## - SYSTEM CONTROL NUMBER
System control number (OCoLC)914168916
040 ## - CATALOGING SOURCE
Original cataloging agency ON8
Language of cataloging eng
Description conventions rda
Transcribing agency ON8
Modifying agency ON8
-- OCLCO
-- HE$
041 1# - LANGUAGE CODE
Language code of text/sound track or separate title spa
Language code of original eng
100 1# - MAIN ENTRY--PERSONAL NAME
Personal name Falwell, Cathryn,
Authority record control number http://id.loc.gov/authorities/names/n88286698
Relator term author,
-- illustrator.
240 10 - UNIFORM TITLE
Uniform title <a href="Feast for 10.">Feast for 10.</a>
Language of a work Spanish.
245 10 - TITLE STATEMENT
Title Fiesta para 10 /
Statement of responsibility, etc. Cathryn Falwell.
250 ## - EDITION STATEMENT
Edition statement Scholastic edition.
260 ## - PUBLICATION, DISTRIBUTION, ETC. (IMPRINT)
Place of publication, distribution, etc. New York :
Name of publisher, distributor, etc. Scholastic Inc.,
Date of publication, distribution, etc. c1995.
264 #1 - PRODUCTION, PUBLICATION, DISTRIBUTION, MANUFACTURE, AND COPYRIGHT NOTICE
Place of production, publication, distribution, manufacture New York :
Name of producer, publisher, distributor, manufacturer Scholastic Inc.,
Date of production, publication, distribution, manufacture, or copyright notice [1995]
264 #4 - PRODUCTION, PUBLICATION, DISTRIBUTION, MANUFACTURE, AND COPYRIGHT NOTICE
Date of production, publication, distribution, manufacture, or copyright notice c1995.
300 ## - PHYSICAL DESCRIPTION
Extent 32 pages :
Other physical details color illustrations ;
Dimensions 28 cm.
336 ## - CONTENT TYPE
Content type term text
Content type code txt
Source rdacontent.
336 ## - CONTENT TYPE
Content type term still image
Content type code sti
Source rdacontent.
337 ## - MEDIA TYPE
Media type term unmediated
Media type code n
Source rdamedia.
338 ## - CARRIER TYPE
Carrier type term volume
Carrier type code nc
Source rdacarrier.
385 ## - AUDIENCE CHARACTERISTICS
Demographic group code age
Audience term Children
Source lcdgt.
520 ## - SUMMARY, ETC.
Summary, etc. Los n©ðmeros del uno al diez se utilizan para contar c©đmo los miembros de una tienda de la familia y trabajar juntos para preparar una comida.
520 ## - SUMMARY, ETC.
Summary, etc. Numbers from one to ten are used to tell how members of a family shop and work together to prepare a meal.
546 ## - LANGUAGE NOTE
Language note Text in Spanish. Texto en espa©łol.
650 #0 - SUBJECT ADDED ENTRY--TOPICAL TERM
Topical term or geographic name as entry element Counting.
Authority record control number http://id.loc.gov/authorities/subjects/sh85033451.
650 #0 - SUBJECT ADDED ENTRY--TOPICAL TERM
Topical term or geographic name as entry element Cooking
Authority record control number http://id.loc.gov/authorities/subjects/sh2010008400
Form subdivision Juvenile fiction.
Authority record control number http://id.loc.gov/authorities/subjects/sh99001687.
650 #0 - SUBJECT ADDED ENTRY--TOPICAL TERM
Topical term or geographic name as entry element Families
Form subdivision Juvenile fiction.
Authority record control number http://id.loc.gov/authorities/subjects/sh2008103523.
650 #0 - SUBJECT ADDED ENTRY--TOPICAL TERM
Topical term or geographic name as entry element African Americans
Form subdivision Juvenile fiction.
Authority record control number http://id.loc.gov/authorities/subjects/sh2007100201.
650 #0 - SUBJECT ADDED ENTRY--TOPICAL TERM
Topical term or geographic name as entry element African American families
Authority record control number http://id.loc.gov/authorities/subjects/sh85001843
Form subdivision Juvenile fiction.
Authority record control number http://id.loc.gov/authorities/subjects/sh99001687.
655 #0 - INDEX TERM--GENRE/FORM
Genre/form data or focus term Spanish language materials.
655 #7 - INDEX TERM--GENRE/FORM
Genre/form data or focus term Materiales en espa©łol.
Source of term qlsp.
655 #7 - INDEX TERM--GENRE/FORM
Genre/form data or focus term Fiction.
Source of term fast
Authority record control number (OCoLC)fst01423787.
655 #7 - INDEX TERM--GENRE/FORM
Genre/form data or focus term Juvenile works.
Source of term fast
Authority record control number (OCoLC)fst01411637.
655 #7 - INDEX TERM--GENRE/FORM
Genre/form data or focus term Fiction.
Source of term lcgft
Authority record control number http://id.loc.gov/authorities/genreForms/gf2014026339.
942 ## - ADDED ENTRY ELEMENTS (KOHA)
Koha item type Libro/Book
Holdings
Withdrawn status Lost status Source of classification or shelving scheme Damaged status Not for loan Home library Current library Date acquired Total Checkouts Barcode Date last seen Price effective from Koha item type Inventory number Full call number
    Dewey Decimal Classification     Las Brisas 2 -- Satellite Las Brisas 2 -- Satellite 06/06/2019   40101819 06/06/2019 06/06/2019 Libro/Book    
          Las Brisas 2 -- Satellite Las Brisas 2 -- Satellite 06/06/2019   40101616 06/06/2019 06/06/2019 Libro/Book Inventory date: 7/4/25 JI
          San Juan Del Sur -- Mobile San Juan Del Sur -- Mobile 11/03/2020   33014784 11/03/2020 11/03/2020 Libro/Book Inventory date: 10-2-25  

Powered by Koha